One Piece: Bounty Holders Over 1 Billion Berries – Sudden Death - Statistics

General Stats
  • This quiz has been taken 614 times
  • The average score is 9 of 19
Answers on the Grid
Answers color-coded by a green-red scale on the quiz's grid according to % correct below.
Kaido
Buggy
Nico Robin
Monkey D. Dragon
Akainu
Monkey D. Luffy
Loki
Sabo
Jinbe
Gol D. Roger
Charlotte Cracker
Donquixote Doflamingo
Who's-Who
Yamato
King
Edward Newgate
Roronoa Zoro
Izou
Jack
Shanks
Trafalgar D. Water Law
Tony Tony Chopper
Dorry
Rocks D. Xebec
Marshall D. Teach
Boa Hancock
Crocodile
Benn Beckman
Portgas D. Ace
Kizaru
Aokiji
Dracule Mihawk
 
Answer Stats
Answer % Correct
Monkey D. Luffy
62%
Kaido
57%
Shanks
56%
Gol D. Roger
55%
Dracule Mihawk
54%
Roronoa Zoro
54%
Marshall D. Teach
53%
Edward Newgate
52%
Buggy
50%
Trafalgar D. Water Law
50%
Crocodile
45%
Jinbe
45%
King
44%
Boa Hancock
42%
Jack
40%
Loki
35%
Dorry
33%
Akainu
26%
Kizaru
20%
No matching quizzes found
Score Distribution
Percent of People with Each Score
Percentile by Number Answered
Your Score History
You have not taken this quiz